Statistics for Connecticut Towns That Start With a Cardinal Direction

Click here to take the quiz!

General Stats

  • This quiz has been taken 7 times
  • The average score is 15 of 21

Answer Stats

CountyTown% Correct
HartfordEast Hartford
100%
HartfordWest Hartford
100%
FairfieldWestport
100%
New HavenEast Haven
86%
New HavenNorth Haven
86%
HartfordSouthington
86%
New HavenWest Haven
86%
HartfordEast Granby
71%
New LondonEast Lyme
71%
New LondonNorth Stonington
71%
New HavenSouthbury
71%
HartfordSouth Windsor
71%
FairfieldWeston
71%
WindhamEastford
57%
MiddlesexEast Haddam
57%
MiddlesexEast Hampton
57%
FairfieldEaston
57%
HartfordEast Windsor
57%
New HavenNorth Branford
57%
LitchfieldNorth Canaan
57%
MiddlesexWestbrook
57%

Score Distribution

Percentile by Number Answered

Percent of People with Each Score

Your Score History

You have not taken this quiz